000 00210nam a2200085Ia 4500
008 120527s9999 xx 000 0 und d
100 _aMayer & Sutton
245 _aPersonality:an integrative approach
942 _cBK
999 _c27590
_d27590